000 00654 a2200205 4500
001 57981
005 20260407155839.0
008 260407a1986 arg spa d
003 AR-UNSa-BCEJYS
040 _aAR-UNSa-BCEJYS
_bspa
_cAR-UNSa-BCEJYS
080 _a347.7(094.4)
_xCódigo de Comercio
245 1 0 _aCódigo de Comercio de la República Argentina
_pLeyes complementarias. Índice alfabético y temático
020 _a950-20-0361-6
250 _a13a.ed.
264 1 _aBuenos Aires :
_bAbeledo Perrot
_c1986
300 _a953 p.
_c23 cm.
942 _cBK
590 _aniveau_biblio:m niveau_hierar:0
100 1 _aArgentina [Código de Comercio]
999 _c6361
_d6361